Successful parenting : frist steps toward reading

Bibliographic Details
Format: Book
Published: Virginia : Time-Life Books , 1987
Series:Successful Parenting
Subjects:

MARC

LEADER 00000cam a2200000 7i4500
001 0000004539
002 000004894
005 20080214.0
020 |a 0809459582 
090 0 0 |a 649   |b SUC 
245 0 0 |a Successful parenting :   |b frist steps toward reading 
260 |a Virginia :   |b Time-Life Books ,   |c 1987 
300 |a 144p. :   |b ill. ;   |c 25cm. 
490 0 |a Successful Parenting 
500 |a Library has six titles 
650 0 0 |a Children   |x Books and reading 
650 0 0 |a Reading   |x Parents participation 
999 |a 015355   |b BUKU   |c PINJAMAN   |e PERPUSTAKAAN KOMUNITI PETALING JAYA